Central Library OPAC University of Rajshahi
Normal view MARC view

Entry Topical Term

Number of records used in: 2

001 - CONTROL NUMBER

  • control field: 15178

003 - CONTROL NUMBER IDENTIFIER

  • control field: BD-RjUL

005 - DATE AND TIME OF LATEST TRANSACTION

  • control field: 20250312110415.0

008 - FIXED-LENGTH DATA ELEMENTS

  • fixed length control field: 250312|| aca||aabn | a|a d

040 ## - CATALOGING SOURCE

  • Original cataloging agency: BD-RjUL
  • Transcribing agency: BD-RjUL

150 ## - HEADING--TOPICAL TERM

  • Topical term or geographic name entry element: England |x Church history |y 449-1066

670 ## - SOURCE DATA FOUND

  • Source citation: Work cat.: (BD-RjUL)84772: The Old English version of Bede's Ecclesiastical history of the English people /, 1898